Normal view
MARC view
- Usama Ameer Khan (00000205703)
Entry Personal Name
001 - CONTROL NUMBER
- control field: 116483
003 - CONTROL NUMBER IDENTIFIER
- control field: NUST
005 - DATE AND TIME OF LATEST TRANSACTION
- control field: 20230912165954.0
008 - FIXED-LENGTH DATA ELEMENTS
- fixed length control field: 230912|| aca||aabn | a|a d
040 ## - CATALOGING SOURCE
- Original cataloging agency: NUST
- Transcribing agency: NUST
100 ## - HEADING--PERSONAL NAME
- Personal name: Usama Ameer Khan (00000205703)
670 ## - SOURCE DATA FOUND
- Source citation: Work cat.: (NUST): Usama Ameer Khan (00000205703), NUST Micro Grid Planning with New DER Resources and Reliable Infrastructure Modernization /, 2019
